000
00178 a2200085 4500
245
_a
HEART OF DARKNESS
_h
Text
020
_a
9780582022690
100
_a
CONRAD JOSEPH
005
20191021095104.0
084
_a
NONE
999
_c
11802
_d
11802